Most Valuable Brands - Statistics

General Stats
  • This quiz has been taken 135,949 times
    44,097 since last reset
  • The average score is 28 of 100
Answer Stats
# Sector Brand % Correct
1 Tech Apple
99%
5 Electronics Samsung
83%
9 Sportswear Nike
82%
11 Restaurant McDonald's
80%
2 Tech Microsoft
80%
8 Beverage Coca-Cola
76%
42 Sportswear Adidas
71%
4 Tech Google
69%
12 Auto Tesla
67%
6 Auto Toyota
67%
51 Auto Ford
66%
3 Tech Amazon
65%
10 Auto BMW
63%
7 Auto Mercedes Benz
61%
35 Beverage Pepsi
58%
34 Luxury Gucci
56%
21 Tech Facebook
55%
14 Luxury Louis Vuitton
53%
36 Electronics Sony
52%
45 Auto Audi
51%
70 Auto Ferrari
51%
50 Auto Volkswagen
51%
27 Auto Honda
49%
13 Entertainment Disney
46%
40 Payments Paypal
45%
39 Entertainment Netflix
42%
71 Video games Nintendo
41%
37 Payments Visa
40%
32 Auto Hyundai
39%
69 Music Spotify
39%
41 Payments Mastercard
38%
95 Restaurant KFC
36%
22 Luxury Chanel
35%
63 Auto Nissan
33%
61 Alcohol Budweiser
32%
47 Auto Porsche
32%
48 Restaurant Starbucks
31%
55 Diapers Pampers
30%
16 Tech Instagram
29%
49 Diversified GE
27%
88 Auto Kia
27%
86 Luxury Prada
26%
99 Alcohol Heineken
25%
28 Payments American Express
24%
64 Tech HP
24%
91 Tech HP Enterprise
24%
26 Financial J.P. Morgan
24%
25 Tech Youtube
24%
92 Tech Huawei
23%
76 Luxury Dior
20%
24 Tech Intel
20%
67 Food Nestlé
20%
18 Tech IBM
18%
59 Toys Lego
18%
23 Luxury Hermès
17%
85 Alcohol Jack Daniels
16%
62 Retail Ebay
15%
60 Beverage Red Bull
15%
82 Logistics FedEx
14%
33 Logistics UPS
14%
81 Alcohol Corona
13%
56 Retail H&M
13%
87 Tech Xiaomi
13%
43 Retail Zara
13%
54 Financial Goldman Sachs
11%
29 Retail IKEA
11%
84 Logistics DHL
10%
65 Financial HSBC
10%
19 Tech Oracle
10%
90 Electronics Panasonic
10%
97 Beauty Sephora
10%
58 Financial Citi
9%
57 Consumer L'Oreal
9%
68 Electronics Philips
9%
17 Tech Adobe
8%
83 Machinery Caterpillar
8%
96 Consumer Johnson & Johnson
8%
80 Recruitment LinkedIn
8%
46 Hospitality AirBnb
7%
94 Luxury Burberry
7%
74 Luxury Cartier
7%
15 Tech Cisco
7%
89 Luxury Tiffany
7%
93 Alcohol Hennessy
6%
79 Food Kellogg's
6%
20 Tech SAP
6%
53 Diversified Siemens
6%
100 Electronics Canon
5%
66 Financial Morgan Stanley
5%
77 Financial Santander
5%
30 Consulting Accenture
4%
31 Financial Allianz
4%
73 Consumer Colgate
4%
52 Beverage Nescafe
4%
38 Tech Salesforce
4%
75 Diversified 3M
3%
44 Financial AXA
3%
78 Food Danone
3%
72 Consumer Gillette
3%
98 Beverage Nespresso
2%
No matching quizzes found
Score Distribution
Percent of People with Each Score
Percentile by Number Answered
Your Score History
You have not taken this quiz since the last reset